[Event "SJNR-ch U16 Girls"]
[Site "Kranenburg"]
[Date "2005.01.04"]
[Round "2"]
[White "Bremer, Jenny"]
[Black "Torkaman Abdari, Anousheh"]
[Result "0-1"]
[WhiteElo "1259"]
[BlackElo "1449"]
[PlyCount "44"]
[EventDate "2005.01.01"]
[EventType "tourn"]
[EventRounds "3"]
[EventCountry "GER"]
[SourceTitle "EXT 2007"]
[Source "ChessBase"]
[SourceDate "2006.11.23"]
[SourceVersion "1"]
[SourceVersionDate "2006.11.23"]
[SourceQuality "1"]

1. d4 d5 2. c4 e6 3. Nc3 Nf6 4. Bg5 Nbd7 5. e3 Be7 6. Nf3 0-0 7. Bd3 Re8 8. 0-0 a6 9. Qc2 h6 10. Bh4 dxc4 11. Bxc4 b5 12. Bd3 Bb7 13. Ne4 Nxe4 14. Bxe4 Bxe4 15. Qxe4 c5 16. dxc5 Nxc5 17. Qc2 Bxh4 18. Nxh4 Qxh4 19. Qxc5 Rac8 20. Qb6 Rc2 21. Qxa6 Rxb2 22. Rfb1 Qxf2+ 0-1